000 00893nam a22002897a 4500
001 BR6006069
003 BR-BrBNA
005 20230928083237.0
007 ta
008 230509b bl.||||| |||| 00| 0 por d
040 _aBR-BrBNA
_bpor
_cBiblioteca Nacional de Agricultura
041 _a(Por)
072 _aA00; F00; E15
_b/G514
090 _ A00 BR6006069
110 1 _aFederacao das Associacoes Ruraes do Estado do Rio Grande do Sul, Porto Alegre (Brasil)
111 1 _a7. Congresso Rural
_cPorto Alegre, RS (Brazil)
_d10 Jul 1933
245 1 _aAnnaes do 7. Congresso Rural [Rio Grande do Sul; Brasil]
260 3 _aPorto Alegre, RS (Brasil):
_c1933.
300 _a555 p.
650 _aAgricultura
650 _aProducao vegetal
650 _aMicroeconomia
650 _aProducao animal
650 _aRio Grande do Sul
909 _a202309
_bLucia
_c55
_dLucia Elande
942 _cBK
999 _c12354
_d12354